000 00945nam a2200253 i 4500
001 bg
100 1 _aKWAŚNIEWSKI, Aleksander
_d(1954- )
245 1 0 _aPrzemówienia, listy, wywiady :
_bstyczeń-czerwiec 2003 - wybór /
_cAleksander Kwaśniewski ; [wybór i oprac. red. Stanisław Ćwik, Katarzyna Dombska].
260 _aWarszawa :
_bKancelaria Prezydenta RP [Rzeczypospolitej Polskiej],
_ccop. 2003.
300 _a475 s. :
_bil. kolor. ;
_c24 cm.
600 1 9 _aKwaśniewski, Aleksander (1954- )
650 9 _aListy polskie
_yod 1989 r.
650 9 _aMowy polskie
_yod 1989 r.
650 9 _aPublicystyka polska
_yod 1989 r.
651 9 _aPolska
_xpolityka
_yod 1989 r.
655 _aPublicystyka
700 1 _aDOMBSKA, Katarzyna.
_eRed.
700 1 _aĆWIK, Stanisław.
_eAut. wyboru
040 _cBPK
041 0 _apol
080 _a323+327](438)"1989/..."(042+044+047.53)
942 _cKS
008 s pl f |000 0 pol
999 _c43877
_d43877
856 _uhttp://koha.tu.koszalin.pl/cgi-bin/koha/opac-detail.pl?biblionumber=43877
_yKatalog online BPK